000 00488cam a2200193ua 4500
001 10560
008 160624n2006 II |||gr||||Z||||||asm
040 _aMAIN
041 _aEnglish
082 _a540 CHA
100 _aCHAUDHURY, KAMLESH.
245 _aUCHATAR MADHYAMIK RASAYAN
250 _a14TH.
260 _aNEW DELHI
_bOXFORD UNIVERSITY PRESS
_c2006
300 _a572:
_c24CM.
653 _aChemistry & allied sciences
700 _aCHAUDHURY, KAMLESH.,
_eAuthor.
942 _cBK
999 _c10530
_d10530